AH International Schools' Libraries

Normal view MARC view
  • Music. Piano. Lessons

Entry Topical Term

Number of records used in: 1

001 - CONTROL NUMBER

  • control field: 86994

003 - CONTROL NUMBER IDENTIFIER

  • control field: OSt

005 - DATE AND TIME OF LATEST TRANSACTION

  • control field: 20251205144222.0

008 - FIXED-LENGTH DATA ELEMENTS

  • fixed length control field: 251205|| aca||aabn | a|a d

040 ## - CATALOGING SOURCE

  • Original cataloging agency: OSt
  • Transcribing agency: OSt

150 ## - HEADING--TOPICAL TERM

  • Topical term or geographic name as entry element: Music. Piano. Lessons

670 ## - SOURCE DATA FOUND

  • Source citation: Work cat.: (OSt)49869: Hawthorn, Philip. 81190, Easy piano classics / , 1994.

For any Logos Library related questions please contact Miss Art at swongnarasuk@asianhope.org.

For any Asian Hope Library related questions please contact Miss Raza at graza@asianhope.org.

Powered by Koha